Zdravé mestá - za lepší život zborník príspevkov z vedeckej konferencie 24. Dni zdravotnej výchovy Ivana Stodolu

Bibliographic Details
Corporate Author: Dni zdravotnej výchovy Ivana Stodolu Piešťany, Slovensko (Author)
Format: Conference Proceeding Book
Language:Slovak
PhysicalDescription:125 s. 21 cm
Published: Bratislava Ústav zdravotnej výchovy 1996
ISBN:8071590436
Subjects:

MARC

LEADER 00000cam a2200000 a 4500
001 vtls001291879
003 SK-MaSNL
005 20260301113543.0
008 231120s1996 xo a fr 10000 slo
015 |a SNBA1997/11 
020 |a 8071590436 
035 |a SNK000243568 
035 |a urn:nbn:sk:snk-amjqvc 
035 |a urn:nbn:sk:snk:ar-a0cnh9 
035 |a bdc494dc-5f14-4e95-b5c0-c2b77aababc7 
040 |a SNK  |b slo  |c SNK  |e AACR2 
041 0 |a slo 
044 |a xo  |c SK 
080 |a 613(082)\  |2 1981 
111 2 |a Dni zdravotnej výchovy Ivana Stodolu  |n (24. :  |d 1996 :  |c Piešťany, Slovensko)  |4 aut  |9 36793 
245 1 0 |a Zdravé mestá - za lepší život  |b zborník príspevkov z vedeckej konferencie 24. Dni zdravotnej výchovy Ivana Stodolu 
260 |a Bratislava  |b Ústav zdravotnej výchovy  |c 1996 
300 |a 125 s.  |c 21 cm 
500 |a Nepredajné 
504 |a Bibliogr. odkazy 
650 0 7 |a zdravie  |x osveta  |x zborníky  |2 SNK  |9 455852 
655 7 |a zborníky konferencií  |2 SNKPH  |9 70153 
655 7 |a issue_zb  |2 SNK  |9 276493 
919 |a 80-7159-043-6 
954 |a odborná, vedecká literatúra pôvodná (slovenská)  |2 lita 
958 |a ART 
958 |a TL 
958 |a NB 
958 |a OND 
958 |a EUIPO 
999 |c 714694  |d 716624 
952 |t P60, <09>, [BOOK], {629}  |a SNK  |b SNK  |y NEVYP  |7 0  |o snkC 1578  |i snk3058/970627  |0 0  |1 0  |4 0  |d 1997-06-26  |l 0  |r 2005-01-02 00:00:00  |w 2026-02-23 
952 |t P60, <03>, [BOOK], {603}  |a SNK  |b SNK  |y PREZ  |7 0  |p 17A0072327  |o snkSC 93489  |i snkKSP 6701/97  |0 0  |1 0  |4 0  |d 1997-06-26  |l 0  |r 2025-09-11 00:00:00  |w 2026-02-23 
952 |t P60, <04>, [BOOK], {604}  |a SNK  |b SNK  |y VYP  |7 0  |p 17A0072326  |o snkSC 93489 D1  |i snkKSP 6702/97  |0 0  |1 0  |4 0  |d 1997-06-26  |l 0  |r 2005-01-02 00:00:00  |w 2026-02-23